000 00918nam a22002417a 4500
005 20240530110946.0
008 221114s 2021ua g b 000 0 ara d
017 _a2020/9175
_bمصر. دار الكتب
020 _a9789773195816
040 _aEG-CaGPL
_cEG-CaGPL
082 0 4 _221
_a001.44
_bم ف
100 0 _aمحمد جمعة عبدالهادى موسى
245 1 0 _aفن التقديم للكتب والدراسات العلمية /
_cمحمد جمعة عبدالهادى موسى
250 _aط.1
260 _aالقاهرة :
_bالعربى للنشر و التوزيع،
_c2021.
300 _a231 ص. ؛
_c24 سم.
504 _aيشتمل على ارجاعات ببليوجرافية
650 0 7 _2qrmak
_aمناهج البحث
650 0 7 _2qrmak
_aالبحث العلمى
650 0 7 _2qrmak
_aالكتب العلمية
942 _2ddc
_cBK
999 _c66916
_d66916